Generation Distribution and Utilization of Electrical Enenrgy (Record no. 5609)

MARC details
000 -LEADER
fixed length control field 00416nam a22001697a 4500
005 - DATE AND TIME OF LATEST TRANSACTION
control field 20170925151451.0
008 - FIXED-LENGTH DATA ELEMENTS--GENERAL INFORMATION
fixed length control field 170925b xxu||||| |||| 00| 0 eng d
020 ## - INTERNATIONAL STANDARD BOOK NUMBER
ISBN 978-81-224-3853-6
041 ## - LANGUAGE CODE
Language code of text/sound track or separate title eng
082 ## - DEWEY DECIMAL CLASSIFICATION NUMBER
Classification number 621.31
100 ## - MAIN ENTRY--AUTHOR NAME
Personal name Wadhwa,C L
245 ## - TITLE STATEMENT
Title Generation Distribution and Utilization of Electrical Enenrgy
250 ## - EDITION STATEMENT
Edition statement Rev 3rd
260 ## - PUBLICATION, DISTRIBUTION, ETC. (IMPRINT)
Name of publisher New Age
Year of publication 2015
300 ## - PHYSICAL DESCRIPTION
Number of Pages 482
942 ## - ADDED ENTRY ELEMENTS (KOHA)
Koha item type Books
Holdings
Lost status Damaged status Collection code Home library Current library Shelving location Date acquired Source of acquisition Cost, normal purchase price Full call number Accession Number Koha item type
    Reference JRU Library   SHELF -72- G 25/09/2017 Purchase 399.00 621.31 22108 Books
      JRU Library   SHELF-39-E 25/09/2017 Purchase 399.00 621.31 22109 Books
      JRU Library   SHELF-39-E 25/09/2017 Purchase 399.00 621.31 22110 Books
      JRU Library   SHELF-39-E 25/09/2017 Purchase 399.00 621.31 22111 Books